[Event "Polanica Zdroj op Seniors 45th"]
[Site "Polanica Zdroj"]
[Date "2009.09.02"]
[Round "3"]
[White "Mirski, Jerzy"]
[Black "Marko, Stanislaw"]
[Result "1-0"]
[WhiteElo "1876"]
[BlackElo "1964"]
[PlyCount "37"]
[EventDate "2009.08.18"]
[EventType "swiss"]
[EventRounds "9"]
[EventCountry "POL"]
[SourceTitle "EXT 2012"]
[Source "ChessBase"]
[SourceDate "2011.11.24"]
[SourceVersion "1"]
[SourceVersionDate "2011.11.24"]
[SourceQuality "1"]

1. e4 c6 2. d4 d5 3. Nd2 dxe4 4. Nxe4 Bf5 5. Ng3 Bg6 6. Nf3 h6 7. Bc4 e6 8. Bb3 Nf6 9. 0-0 Be7 10. Re1 0-0 11. Ne5 Bh7 12. c3 Nbd7 13. Qe2 Nd5 14. f4 N7f6 15. Bd2 Qc7 16. c4 Nb6 17. Ba5 c5 18. d5 exd5 19. cxd5 1-0